000 00760cam a2200181 i 4500
020 _a0309022827 :
082 0 0 _a388.114
_bNAT
110 2 _aNational Research Council (U.S.).
_920017
245 1 0 _aProblems in implementing roadway pricing :
_b5 reports prepared for the 53rd annual meeting of the Highway Research Board.
260 _aWashington :
_bTransportation Research Board, National Research Council,
_c1974.
300 _aiv, 35 p. :
_bill. ;
_c25 cm.
526 _a0
_b0
_c0
_d388_114000000000000_NAT
650 0 _aAutomobile parking
_xTaxation
_zUnited States
_xCongresses.
_938654
650 0 _aMCE
_9379
650 0 _aToll roads
_zUnited States
_xCongresses.
_938655
650 0 _aTraffic regulations
_zUnited States
_xCongresses.
_938656
942 _2ddc
_cBK
999 _c543282
_d543282